[Event "Charlotte Open 2020"]
[Site "Charlotte"]
[Date "2020.01.04"]
[Round "6.17"]
[White "Cezila Jr, Rubens"]
[Black "Vigorito, David"]
[Result "1-0"]
[WhiteElo "2239"]
[BlackElo "2368"]
[Annotator "TA"]
[PlyCount "69"]
[EventDate "2020.01.02"]
[EventType "swiss"]
[EventCountry "USA"]
[SourceTitle "playchess.com"]
[Source "ChessBase"]
[SourceQuality "1"]

{[%evp 17,69,3,17,0,1,0,0,0,0,0,0,0,0,0,0,0,21,-47,-37,-34,51,29,52,64,58,3,3,8,4,0,30,15,38,15,31,22,66,54,71,35,44,36,102,0,175,174,239,250,264,269,564,547,565,606]} 1. e4 c5 2. Nf3 d6 3. d4 cxd4 4. Nxd4 Nf6 5. Nc3 a6 6. Be3 e5 7. Nf3 Be7 8. Bc4 O-O 9. O-O Nc6 10. Re1 {B90: Sicilian Najdorf: Unusual White 6th moves, 6 Be3 Ng4 and 6 Be3 e5} Be6 11. Nd5 Bxd5 12. exd5 {The position is equal.} b5 13. Bf1 Nb4 14. c4 bxc4 15. Bxc4 Qa5 (15... Qc7 16. Rc1 Qb7 17. Bg5 Nbxd5 {1-0 (29) Anand,V (2756)-Giri,A (2779) Amsterdam 2019}) 16. Bd2 {[#] Threatens to win with Qb3.} Qc5 17. Bxb4 ({White should play} 17. Rc1 $11 Nbxd5 18. Bg5) 17... Qxb4 $15 ({Don't play} 17... Qxc4 {[#]} 18. Nxe5 $1 {[%mdl 512]} Qxb4 19. Nc6 $14) 18. b3 $146 Rfc8 ({Better is} 18... Bd8 $15) 19. Nd4 $1 $14 exd4 20. Rxe7 Qc5 21. Qf3 (21. g3 $14) 21... a5 $11 22. Rd1 Re8 23. Rb7 Re4 24. a4 $40 {[%mdl 128] White mounts an attack.} Rae8 {aiming for ...Qxc4!} 25. h3 h6 26. Kh2 Qc8 27. Ra7 Qd8 28. Bb5 R8e7 29. Ra6 $1 Rc7 ({Black should try} 29... Nxd5 $14 30. Bc6 Nc7) 30. Bd3 (30. Rc6 $16) 30... Re5 $2 (30... Rc3 $1 $11 {and Black is okay.}) 31. Rxa5 $18 Rc3 (31... Ne4 $142 32. Ra6 (32. Bxe4 Rc3 $11) 32... Rc3) 32. Rb5 g5 {intending ...Kg7.} 33. a5 {[%cal Ba4a5,Ba5a6][%mdl 32]} h5 $2 (33... Kg7 34. a6 Re7) 34. a6 g4 35. Qf4 {Accuracy: White = 60%, Black = 51%.} 1-0

[Event "Charlotte Open 2020"]
[Site "Charlotte"]
[Date "2020.01.04"]
[Round "6.18"]
[White "Tokhirjonova, Gulrukhbegim"]
[Black "Yanayt, Eugene"]
[Result "1/2-1/2"]
[WhiteElo "2421"]
[BlackElo "2216"]
[Annotator "TA"]
[PlyCount "106"]
[EventDate "2020.01.02"]
[EventType "swiss"]
[EventCountry "USA"]
[SourceTitle "playchess.com"]
[Source "ChessBase"]
[SourceQuality "1"]

{[%evp 18,106,27,23,31,6,3,7,52,30,36,0,35,30,27,36,37,8,14,0,13,14,50,46,47,50,45,47,121,117,154,13,18,16,26,0,0,-37,-42,-42,-34,-95,-87,-102,-84,-73,-69,-349,-359,-347,0,0,0,0,30,24,47,0,0,0,0,-8,-8,-8,-8,-87,0,0,0,-8,-8,-8,-8,-8,-8,-8,-8,-8,-8,-366,-366,-366,-366,-366,-366,-366,-366,-366,-366,-366,-366]} 1. d4 Nf6 2. c4 g6 3. g3 Bg7 4. Bg2 O-O 5. Nc3 d6 6. Nf3 Nc6 7. O-O e5 8. dxe5 dxe5 9. Bg5 Be6 10. Qa4 Qb8 {E62: King's Indian: Fianchetto: 6...c6 and Panno Variation (6...Nc6) without ...a6} 11. Bxf6 Bxf6 12. Nd2 Rd8 {The position is equal.} (12... Bg7 13. Rfd1 Rd8 14. Nb3 Nd4 15. Nc5 c6 16. e3 Bg4 17. exd4 exd4 18. N3e4 Bxd1 19. Rxd1 {1-0 (32) Carlsen,M (2835)-Firouzja,A (2607) St Petersburg 2018}) 13. Rfd1 $146 ({Predecessor:} 13. Nb3 Be7 14. Bxc6 bxc6 15. Qxc6 Rd6 16. Qe4 Bf5 17. Qxe5 Bf6 18. Qe3 {1-0 (30) Alfaro Caracas,W (2153)-Espinoza Solano,J (2029) Managua 2019}) 13... Nd4 14. Rac1 c6 15. e3 Nf5 $1 16. b4 a6 17. Qc2 Be7 18. Rb1 Qc7 19. Na4 b6 {[%cal Bb7b6,Bb6b5][%mdl 32]} 20. c5 b5 21. Nb6 Rab8 22. Nb3 Bg5 (22... Nd6 $1 $14) 23. Na5 Ne7 24. a4 ({White should try} 24. Rxd8+ $16 Rxd8 25. Rd1) 24... f5 25. axb5 axb5 26. Rxd8+ Rxd8 27. Rd1 e4 28. Nb3 Bf6 29. f3 (29. Nd4 $15 Bxd4 30. Rxd4) 29... Rxd1+ $17 30. Qxd1 exf3 31. Bxf3 Qe5 $1 {[%cal Re5e3]} 32. Na5 $2 {[%mdl 8192]} ({White must play} 32. Qd3 $15) 32... Qxe3+ $19 33. Kg2 f4 $2 (33... Bd4 $19 {...f4 is the strong threat.} 34. Qe2 Qxe2+ 35. Bxe2 Bc3) 34. Nxc6 $11 fxg3 {( -> ...Qf2+)} (34... Nxc6 $5 35. Nd5 $8 {[%mdl 64] Double Attack} Qe5 36. Nxf6+ Qxf6 37. Bxc6 fxg3 38. hxg3 Qb2+ 39. Kf1 Qxb4 $11) 35. Nxe7+ Bxe7 36. hxg3 Qh6 37. Qe2 Qh3+ 38. Kf2 Bf6 {And now ...Qh2+ would win.} 39. Qxe6+ {[%mdl 64] Remove Defender} Qxe6 40. Bd5 Kf7 {White must now prevent ...Bc3.} 41. Kf3 (41. Bxe6+ $11 {keeps the balance.} Kxe6 42. Na8) 41... Be5 ({Better is} 41... Bc3 $17 42. c6 Be5) 42. g4 h5 43. gxh5 gxh5 44. Ke4 h4 45. Bxe6+ Kxe6 {[%mdl 4096] Endgame KB-KN} 46. Kf3 h3 47. Nc8 Bb8 48. c6 $2 {[%mdl 8192] [#]} (48. Nb6 $11 {and White stays safe.}) 48... Kd5 $1 $19 {[%cal Rd5c6] Black is winning.} 49. Na7 Kc4 50. Nxb5 Kxb5 51. Kf2 Bh2 (51... Kxb4 {[#]} 52. c7 $1 $11 {[%mdl 512]}) (51... Kxc6 52. Kg1 $19) 52. c7 Bxc7 53. Kg1 Kxb4 {[%mdl 32768] Accuracy: White = 39%, Black = 52%. . An unexpected result.} 1/2-1/2

[Event "Charlotte Open 2020"]
[Site "Charlotte"]
[Date "2020.01.04"]
[Round "6.19"]
[White "Wang, Tianqi"]
[Black "Martinez, Isaac"]
[Result "1/2-1/2"]
[WhiteElo "2314"]
[BlackElo "2079"]
[Annotator "TA"]
[PlyCount "236"]
[EventDate "2020.01.02"]
[EventType "swiss"]
[EventCountry "USA"]
[SourceTitle "playchess.com"]
[Source "ChessBase"]
[SourceQuality "1"]

{[%evp 9,236,0,0,0,7,0,0,0,0,1,0,-4,12,-9,-12,-8,-8,-14,0,-3,12,-12,0,0,27,0,22,17,33,44,33,48,45,45,43,48,45,41,45,25,41,34,70,70,70,70,70,70,70,70,70,70,79,79,79,79,79,79,87,79,79,76,87,80,81,72,79,79,94,94,94,70,87,87,87,48,122,72,122,0,122,122,122,122,122,122,122,122,122,122,122,122,122,122,122,122,122,122,122,122,122,122,122,102,102,102,102,102,102,0,102,102,102,34,34,34,34,34,34,0,34,0,0,0,0,0,8,0,0,0,0,0,0,0,0,0,0,0,0,0,0,0,0,0,0,0,34,0,0,0,0,0,0,0,0,0,0,0,0,0,0,0,0,0,34,0,0,0,33,0,0,0,0,0,0,0,0,0,0,0,0,0,0,0,0,0,0,0,0,0,0,0,0,0,0,0,0,0,0,0,0,0,0,0,0,0,0,0,0,0,0,0,0,0,0,0,0,0,0,0,0,0,0,0,0,0,0,0,0]} 1. d4 Nf6 2. c4 c6 3. Nc3 d5 4. e3 a6 5. Qb3 (5. Nf3 b5 6. b3 Bg4 7. a4 bxc4 8. bxc4 Nbd7 9. Be2 e6 10. O-O Bd6 11. h3 Bh5 12. a5 O-O 13. Ba3 Bxa3 14. Rxa3 dxc4 15. Bxc4 {½-½ (44) Grandelius,N (2691)-McShane,L (2688) Eskilstuna 2019}) 5... e6 6. c5 {D10: Slav Defence: 3 cxd5 (without early Nf3) and 3 Nc3} Nbd7 7. Nf3 b6 8. cxb6 Qxb6 9. Qxb6 Nxb6 10. Bd2 $146 ({Predecessor:} 10. Ne5 c5 11. dxc5 Bxc5 12. Nd3 Bd6 13. Be2 {1-0 (49) Krueger,S (1748)-Langnese,K (1648) Berlin Pankow 2005}) 10... c5 11. dxc5 Bxc5 12. Rc1 Bd6 13. Be2 Bb7 14. O-O O-O 15. Rfd1 Rac8 16. Be1 Rfd8 17. h3 g6 18. Nd4 Nc4 19. Na4 e5 20. Nb3 Bc6 21. Bxc4 Bxa4 22. Bxa6 Rb8 $1 23. Ba5 Re8 {With the idea ...Ra8.} 24. Bc3 Bxb3 25. axb3 Rxb3 26. Bc4 dxc4 27. Rxd6 Ne4 28. Rc6 Nxc3 29. bxc3 $14 {[%mdl 4096] Endgame KRR-KRR} Rb2 30. Rxc4 Rd8 31. Rb4 Ra2 {[#]} 32. Rb5 $1 Rdd2 33. Rf1 Rac2 34. Rxe5 Rxc3 35. Re4 Rcc2 36. Rf4 Kg7 37. g4 h6 38. Kg2 Ra2 39. Kg3 Rac2 40. Re4 Ra2 41. h4 g5 42. Re5 Kg6 ({Black should try} 42... gxh4+ $14 43. Kg2 (43. Kxh4 Rxf2 44. Rxf2 Rxf2 $11) 43... Rdb2) 43. Rf5 Rd6 44. Re5 Rdd2 $1 45. h5+ Kg7 46. Rf5 Re2 47. Rd1 {[#] aiming for Rd7!} Rad2 48. Rxd2 Rxd2 $16 {KR-KR} 49. Kf3 Ra2 50. Rd5 Ra4 51. Rd4 Ra2 52. Kg3 Ra3 53. Rd2 Rb3 54. Kf3 Rb4 55. Rd6 Ra4 56. e4 Ra3+ 57. Ke2 Ra1 58. f3 Ra3 59. Rd3 (59. Kf2 $16) 59... Ra1 (59... Rxd3 $1 $11 60. Kxd3 Kf6) 60. Ke3 Ra4 61. e5 (61. Rb3 $16) 61... Ra1 62. Ke4 Ra4+ 63. Rd4 Ra1 64. Rd3 Ra5 65. e6 fxe6 66. Rd7+ Kg8 67. Re7 Rb5 68. Rxe6 Kg7 69. Re7+ Kg8 70. Re5 Rb7 71. Re6 Kg7 72. Rg6+ Kh7 73. Rd6 Kg7 74. Rc6 Rf7 75. Rd6 Ra7 76. Rd4 Rf7 77. Ke3 Ra7 78. Rd6 Re7+ 79. Kf2 Ra7 80. Rg6+ Kh7 81. Rf6 Kg7 82. Rf5 Ra4 83. Re5 Ra7 (83... Ra2+ {is more complex.} 84. Ke3 Ra3+ 85. Ke4 Ra4+ 86. Ke3 Ra3+) 84. Rd5 Rb7 85. Rd4 Rf7 86. Ke3 Ra7 87. Ke4 Re7+ 88. Kd3 Ra7 89. Kc4 Rf7 {The position is equal.} 90. Rd3 Ra7 91. Kc5 Rc7+ 92. Kd6 Rf7 93. Ke6 Rf6+ 94. Ke5 {And now Rd7+ would win.} Rf7 95. Re3 Re7+ 96. Kd4 Rf7 97. Kd5 Rd7+ 98. Ke6 (98. Kc4 {feels hotter.} Ra7 99. Kb4 Kf6 100. Kc5 Ra5+ 101. Kb6) 98... Rf7 99. Kd6 {Threatens to win with Re7.} Rf6+ 100. Kd7 Rf4 101. Re7+ Kg8 102. Re6 Kg7 103. Re3 Rd4+ 104. Ke8 Rf4 105. Re7+ Kg8 106. Re6 Kg7 107. Re3 (107. Re7+ {looks sharper.}) 107... Rf8+ 108. Kd7 Rf4 109. Kd6 Rf6+ 110. Kd5 Rf7 111. Ke4 Re7+ 112. Kd3 Ra7 113. Re4 Ra3+ 114. Ke2 Ra2+ 115. Ke3 Ra3+ 116. Kf2 Ra2+ 117. Re2 Ra4 118. Kg2 Ra8 {Accuracy: White = 54%, Black = 64%.} 1/2-1/2

[Event "Charlotte Open 2020"]
[Site "Charlotte"]
[Date "2020.01.04"]
[Round "6.20"]
[White "Mahajan, Rushaan"]
[Black "Ezra Paul Chambers"]
[Result "1/2-1/2"]
[WhiteElo "2006"]
[BlackElo "2265"]
[Annotator "ChessBase"]
[PlyCount "50"]
[EventDate "2020.01.02"]
[EventType "swiss"]
[EventCountry "USA"]
[SourceTitle "playchess.com"]
[Source "ChessBase"]
[SourceQuality "1"]
[TimeControl "6000+30"]

1. d4 {[%emt 1:40:30]} d6 {[%emt 1:40:30]} 2. Nf3 {[%emt 0:00:30]} Nf6 {[%emt 0:00:30]} 3. c4 {[%emt 0:00:30]} Nc6 {[%emt 0:00:30]} 4. Nc3 {[%emt 0:00:30]} g6 {[%emt 0:00:30]} 5. Bg5 {[%emt 0:00:30]} Bg7 {[%emt 0:00:30]} 6. e3 {[%emt 0:00:30]} O-O {[%emt 0:00:30]} 7. h3 {[%emt 0:00:30]} Bf5 {[%emt 0:00:30]} 8. Be2 {[%emt 0:00:30]} Ne4 {[%emt 0:00:30]} 9. Nxe4 {[%emt 0:00:30]} Bxe4 {[%emt 0:00:30]} 10. O-O {[%emt 0:00:30]} Qe8 {[%emt 0:00:30]} 11. d5 {[%emt 0:00:30]} Bxf3 {[%emt 0:00:30]} 12. Bxf3 {[%emt 0:00:30]} Ne5 {[%emt 0:00:30]} 13. Be2 {[%emt 0:00:30]} Nd7 {[%emt 0:00:30]} 14. Qc2 {[%emt 0:00:30]} Nc5 {[%emt 0:00:30]} 15. Rad1 {[%emt 0:00:30]} a5 {[%emt 0:00:30]} 16. b3 {[%emt 0:00:30]} e6 {[%emt 0:00:30]} 17. dxe6 {[%emt 0:00:30]} Qxe6 {[%emt 0:00:30]} 18. Bf3 {[%emt 0:00:30]} Rfe8 {[%emt 0:00:30]} 19. a3 {[%emt 0:00:30]} Ne4 {[%emt 0:00:30]} 20. Bxe4 {[%emt 0:00:30]} Qxe4 {[%emt 0:00:30]} 21. Qxe4 {[%emt 0:00:30]} Rxe4 {[%emt 0:00:30]} 22. a4 {[%emt 0:00:30]} f5 {[%emt 0:00:30]} 23. Bf4 {[%emt 0:00:30]} b6 {[%emt 0:00:30]} 24. Rd5 {[%emt 0:00:30]} Bc3 {[%emt 0:00:30]} 25. g4 {[%emt 0:00:30]} Rf8 {[%emt 0:00:30]} 1/2-1/2

[Event "Charlotte Open 2020"]
[Site "Charlotte"]
[Date "2020.01.05"]
[Round "7.1"]
[White "Ali Marandi, Cemil Can"]
[Black "Chandra, Akshat"]
[Result "1/2-1/2"]
[WhiteElo "2537"]
[BlackElo "2524"]
[Annotator "TA"]
[PlyCount "26"]
[EventDate "2020.01.02"]
[EventType "swiss"]
[EventCountry "USA"]
[SourceTitle "playchess.com"]
[Source "ChessBase"]
[SourceQuality "1"]

{[%evp 23,26,0,2,0,0]} 1. e4 e5 2. Nf3 Nc6 3. Bb5 Nf6 4. O-O Nxe4 5. d4 Nd6 6. dxe5 Nxb5 7. a4 Nbd4 8. Nxd4 Nxd4 $146 ({Predecessor:} 8... d5 9. exd6 Nxd4 {½-½ (15) Grischuk,A (2775)-So,W (2754) Stavanger 2019}) 9. Qxd4 d5 10. exd6 Qxd6 11. Qe4+ Qe6 12. Qd4 Qd6 13. Qe4+ {C67: Ruy Lopez: Berlin Defence: 4 0-0 Nxe4} Qe6 1/2-1/2

[Event "Charlotte Open 2020"]
[Site "Charlotte"]
[Date "2020.01.05"]
[Round "7.2"]
[White "Tang, Andrew"]
[Black "Lenderman, Aleksandr"]
[Result "1/2-1/2"]
[WhiteElo "2511"]
[BlackElo "2638"]
[Annotator "TA"]
[PlyCount "38"]
[EventDate "2020.01.02"]
[EventType "swiss"]
[EventCountry "USA"]
[SourceTitle "playchess.com"]
[Source "ChessBase"]
[SourceQuality "1"]

{[%evp 11,38,7,16,6,16,17,64,62,62,0,0,0,0,0,0,0,0,-16,-11,0,6,6,15,10,20,22,17,17,15]} 1. d4 d5 2. Nf3 Nf6 3. Bf4 c5 4. e3 Nc6 5. Nbd2 Bg4 6. c3 e6 7. Bb5 {D02: 1 d4 d5 2 Nf3 sidelines, including 2...Nf6 3 g3 and 2...Nf6 3 Bf4} (7. Qa4 Nd7 8. Ne5 Ndxe5 9. Bxe5 cxd4 10. Bb5 dxe3 11. Bxc6+ bxc6 12. Qxc6+ Ke7 13. fxe3 f6 14. O-O Kf7 {½-½ (36) Sjugirov,S (2667)-Sakaev,K (2584) Yaroslavl 2019}) 7... Qb6 8. Qa4 Nd7 9. Ne5 $1 {[%cal Re5g4] White is slightly better.} Ndxe5 10. Bxe5 ({Much weaker is} 10. dxe5 Bh5 $11) (10. dxc5 $14 Nd3+ 11. Bxd3 Qxb2 {[%mdl 64] Double Attack} 12. Rb1 Qxc3 {[%mdl 64] Double Attack} 13. Bb5) 10... a6 $11 {The position is equal.} 11. Bxc6+ Qxc6 12. Qxc6+ bxc6 13. f3 Bh5 $146 ({Predecessor:} 13... Bf5 14. Kf2 f6 {0-1 (40) Sykes,C (1924)-Greet,A (2431) Edinburgh 2009}) 14. Nb3 f6 15. Bg3 cxd4 16. cxd4 a5 17. Rc1 Bb4+ 18. Ke2 a4 19. Nc5 Bxc5 $1 1/2-1/2

[Event "Charlotte Open 2020"]
[Site "Charlotte"]
[Date "2020.01.05"]
[Round "7.3"]
[White "Jacobson, Brandon"]
[Black "Grabinsky, Aaron"]
[Result "1-0"]
[WhiteElo "2472"]
[BlackElo "2363"]
[Annotator "TA"]
[PlyCount "63"]
[EventDate "2020.01.02"]
[EventType "swiss"]
[EventCountry "USA"]
[SourceTitle "playchess.com"]
[Source "ChessBase"]
[SourceQuality "1"]

{[%evp 13,66,52,62,26,22,0,18,33,80,83,81,72,80,14,31,19,37,24,21,-36,-32,-35,-23,-174,8,11,91,77,103,85,327,305,519,414,404,315,876,842,853,818,1895,1845,1320,1029,2006,2022,1902,1932,29984,29985,29993,29993,29998,29999,29999]} 1. Nf3 Nf6 2. c4 c5 3. Nc3 d6 4. d4 cxd4 5. Nxd4 b6 6. e4 Bb7 7. Qe2 e6 8. Bg5 {A34: Symmetrical English: 2 Nc3, lines with ...d5} Be7 9. f4 a6 (9... h6 $5 {[%cal Rh6g5]} 10. Bxf6 Bxf6 $11) 10. O-O-O {The position is equal.} Qc7 $146 ({Predecessor:} 10... Nbd7 11. f5 e5 12. Bxf6 Nxf6 13. Nc2 Rc8 14. Kb1 Rc5 15. Qe3 O-O 16. Nb4 Qa8 17. Nbd5 Bxd5 18. exd5 b5 19. cxb5 axb5 20. Bxb5 Nxd5 21. Nxd5 {½-½ (21) Quinteros,M (2515)-Andersson,U (2590) Buenos Aires 1980}) 11. f5 $1 e5 12. Bxf6 Bxf6 13. Nf3 (13. Nc2 $1 $16) 13... Nd7 14. Kb1 Be7 15. g4 b5 16. cxb5 (16. h4 $11) 16... axb5 $15 17. Rc1 O-O {And now ...Rfc8 would win.} 18. g5 $2 (18. Nxb5 Qa5 $17) (18. Nd5 $11 Qd8 19. Qxb5 (19. Nxe7+ Qxe7 20. Nd2 Nc5 $17)) 18... Nc5 $2 (18... Rfc8 $19 19. f6 b4 20. fxe7 Qa5) 19. b4 $11 {f6 is the strong threat.} Nd7 {[#]} (19... Na6 $1 $11) 20. f6 $1 $36 {[%cal Rf6e7][%mdl 2048] White has strong initiative.} (20. Qxb5 $6 Rfb8 $11) (20. Nxb5 $6 Qb6 $11) 20... gxf6 {[#]} 21. Bh3 $1 {Hoping for Rhg1.} ({Reject} 21. Nxb5 $6 Qb6 $15) 21... Nb6 $2 (21... Kh8 $16) 22. Bf5 $18 {Threatens to win with Qg2.} ({Don't take} 22. Nxb5 Qb8 $18) 22... Bc8 $2 ({Inferior is} 22... Qc4 23. Qg2 $16) (22... Rfc8 {was necessary.}) 23. gxf6 Bxf6 24. Nd5 {[%cal Bc3d5,Bd5f6,Bf6h7][%mdl 32]} Qd8 $2 (24... Nxd5 25. Rxc7 Bxf5) 25. Qg2+ Kh8 {[#]} 26. Rxc8 $1 {[%mdl 512]} Nxc8 {[#]} (26... Rxc8 27. Nxb6) 27. Qh3 $1 {[%csl Gf5][%cal Rh3h7][%mdl 512]} Bh4 28. Nxh4 {Threatening mate with Nf3.} Ne7 29. Nf6 {Ng6+! would kill now.} Kg7 30. Nxh7 {White threatens Qg4+ and mate.} Ng6 31. Nxg6 {White mates.} Rg8 {[#]} 32. Rg1 {Played: Ng6xe5} 1-0

[Event "Charlotte Open 2020"]
[Site "Charlotte"]
[Date "2020.01.05"]
[Round "7.4"]
[White "Korley, Kassa"]
[Black "Bajarani, Ulvi"]
[Result "1/2-1/2"]
[WhiteElo "2432"]
[BlackElo "2468"]
[Annotator "TA"]
[PlyCount "35"]
[EventDate "2020.01.02"]
[EventType "swiss"]
[EventCountry "USA"]
[SourceTitle "playchess.com"]
[Source "ChessBase"]
[SourceQuality "1"]

{[%evp 13,35,16,10,0,16,4,20,14,21,21,29,8,38,18,46,25,27,19,31,33,32,27,31,28]} 1. e4 e6 2. d4 d5 3. Nc3 Bb4 4. exd5 exd5 5. Bd3 Nf6 6. Nge2 O-O 7. O-O Re8 8. Ng3 {C01: French: Exchange Variation} Bg4 9. Nce2 (9. f3 Be6 10. Bf4 Nbd7 11. Nce2 Bf8 12. h4 c5 13. c3 Qb6 14. b3 Rac8 15. Rc1 cxd4 16. cxd4 {½-½ (79) Negi,P (2656)-Holt,C (2565) San Francisco 2017}) 9... c6 10. c3 $146 {The position is equal.} ({Predecessor:} 10. Bf4 Nbd7 11. c3 Bf8 12. Qc2 g6 13. f3 Be6 14. Rae1 Qb6 15. b4 a5 {0-1 (53) Neubauer,M (2465)-Rapport,R (2444) Szentgotthard 2010}) 10... Bd6 11. f3 Be6 12. Bf4 Qc7 13. Qd2 Nbd7 14. Bxd6 Qxd6 15. Qf4 Qxf4 16. Nxf4 Nf8 17. Rfe1 Bd7 18. Kf2 1/2-1/2

[Event "Charlotte Open 2020"]
[Site "Charlotte"]
[Date "2020.01.05"]
[Round "7.5"]
[White "Mulyar, Michael"]
[Black "Iotov, Valentin"]
[Result "1/2-1/2"]
[WhiteElo "2380"]
[BlackElo "2516"]
[Annotator "TA"]
[PlyCount "34"]
[EventDate "2020.01.02"]
[EventType "swiss"]
[EventCountry "USA"]
[SourceTitle "playchess.com"]
[Source "ChessBase"]
[SourceQuality "1"]

{[%evp 16,34,25,21,20,28,21,21,10,6,7,7,2,10,8,0,0,-5,-5,-3,-3]} 1. d4 d5 2. Nf3 Nf6 3. c4 c6 4. Nc3 dxc4 5. a4 e6 6. e3 c5 7. Bxc4 Nc6 8. O-O cxd4 9. exd4 Be7 {D16: Slav Defence: 5 a4: Lines with 5...Bg4 and 5...Na6} 10. d5 (10. Bf4 O-O 11. h3 Nb4 12. Re1 Bd7 13. d5 exd5 14. Bxd5 Nbxd5 15. Nxd5 Nxd5 16. Qxd5 b6 17. Bc7 Qxc7 18. Rxe7 {½-½ (57) Giri,A (2780)-Duda,J (2730) chess.com INT 2019}) 10... exd5 11. Nxd5 {The position is equal.} Nxd5 12. Qxd5 Be6 13. Qxd8+ Rxd8 14. Bxe6 fxe6 15. Bg5 Rd5 $146 ({Predecessor:} 15... Ne5 16. Nxe5 Bxg5 17. f4 {½-½ (85) Petrova,I (2173)-Schut,L (2305) Athens 2012}) 16. Bxe7 Kxe7 17. Rfe1 Rhd8 1/2-1/2

[Event "Charlotte Open 2020"]
[Site "Charlotte"]
[Date "2020.01.05"]
[Round "7.6"]
[White "Karthik Venkataraman"]
[Black "Petesch, Gabriel"]
[Result "1-0"]
[WhiteElo "2470"]
[BlackElo "2302"]
[Annotator "RC"]
[PlyCount "59"]
[EventDate "2020.01.02"]
[EventType "swiss"]
[EventCountry "USA"]
[SourceTitle "playchess.com"]
[Source "ChessBase"]
[SourceQuality "1"]
[TimeControl "6000+30"]

1. e4 {[%emt 0:00:00]} e5 {[%emt 0:01:13]} 2. Nf3 {[%emt 0:00:00]} Nc6 {[%emt 0:00:04]} 3. Bb5 {[%emt 0:00:00]} a6 {[%emt 0:00:14]} 4. Ba4 {[%emt 0:00:00]} Nf6 {[%emt 0:00:07]} 5. O-O {[%emt 0:00:07]} Nxe4 {[%emt 0:00:35]} 6. d4 {[%emt 0:00:06]} b5 {[%emt 0:00:05]} 7. Bb3 {[%emt 0:00:04]} d5 {[%emt 0:00:04]} 8. dxe5 {[%emt 0:00:04]} Be6 {[%emt 0:00:09]} 9. Qe2 {[%emt 0:00:08]} Nc5 {[%emt 0:03:33]} 10. Rd1 {[%emt 0:00:24]} Qd7 {[%emt 0:03:16]} 11. Nc3 {[%emt 0:08:42]} Ne7 {[%emt 0:04:19]} 12. Be3 {[%emt 0:01:17]} Na4 {[%emt 0:10:48]} 13. Bxa4 {[%emt 0:07:19]} bxa4 {[%emt 0:00:14]} 14. Bc5 {[%emt 0:00:05]} Qc6 {[%emt 0:03:24]} 15. Ba3 {[%emt 0:00:21]} Nc8 {[%emt 0:08:39]} 16. Bxf8 {[%emt 0:02:59]} Kxf8 {[%emt 0:01:39]} 17. Nd4 {[%emt 0:06:43]} Qd7 {[%emt 0:03:25]} 18. b3 {[%emt 0:00:28]} Nb6 {[%emt 0:03:07]} 19. bxa4 {[%emt 0:01:05]} Ke7 {[%emt 0:14:22]} 20. a5 {[%emt 0:02:13]} Nc4 {[%emt 0:06:17]} 21. Nf5+ {[%emt 0:00:35]} Kf8 {[%emt 0:01:19]} 22. Ne3 {[%emt 0:00:05]} Nxe3 {[%emt 0:03:07]} 23. Qxe3 {[%emt 0:00:12]} Qc6 {[%emt 0:01:19]} 24. Qd4 {[%emt 0:01:52]} Rd8 {[%emt 0:04:25]} 25. Qb4+ {[%emt 0:00:29]} Ke8 {[%emt 0:01:24]} 26. Rd4 {[%emt 0:00:37]} Qa8 {[%emt 0:01:23]} 27. Qc5 {[%emt 0:01:02]} Rb8 {[%emt 0:08:53]} 28. Rxd5 {[%emt 0:01:08]} Rd8 {[%emt 0:00:46]} 29. Rad1 {[%emt 0:02:08]} Rc8 {[%emt 0:04:04]} 30. Rd7 {[%emt 0:02:28]} 1-0